Statistics for The Saturn Quiz

Click here to take the quiz!

General Stats

  • This quiz has been taken 9,183 times
    (9,057 since last reset)
  • The average score is 11 of 17

Answer Stats

HintAnswer% Correct
Saturn's most popular nicknameThe {Ring}ed Planet
96%
In 1610, he became the first person to observe Saturn's ringsGalileo Galilei
89%
Most abundant element in Saturn's atmosphereHydrogen
85%
Like Jupiter's moon Europa, the surface of Saturn's moon Enceladus is covered with ___Ice
81%
What the mythological titan Saturn did to his childrenAte Them
77%
Largest moon of SaturnTitan
76%
It is believed that this hard and valuable mineral falls as rain on SaturnDiamonds
74%
Modern-day holiday that takes place at roughly the same time as Saturnalia,
the ancient Roman holiday
Christmas
69%
The above is the only moon in the solar system to have a substantial ________Atmosphere
68%
Spacecraft that flew past Saturn in 1980 on its way out of the solar systemVoyager 1
66%
Saturn's moon Mimas resembles this fictional space station and galactic superweaponDeath Star
65%
With a specific gravity of 0.69, Saturn has the lowest _____ of any planetDensity
62%
Saturn gets its yellowish hue from crystals of this compound with formula NH3Ammonia
58%
Greek version of the Roman titan named SaturnCronos
53%
Shape of the cloud pattern located around the north pole of SaturnHexagon
32%
Second largest moon of Saturn, named for the wife of the aboveRhea
30%
First space probe to enter Saturn's orbit, named for a French astronomer who
discovered four of Saturns moons
Cassini
21%

Score Distribution

Percentile by Number Answered

Percent of People with Each Score

Your Score History

You have not taken this quiz since the last reset